A unified theory of global development

Αποθηκεύτηκε σε:
Λεπτομέρειες βιβλιογραφικής εγγραφής
Κύριος συγγραφέας: Weigel, Van B. 1954-
Μορφή: Βιβλίο
Γλώσσα:English
Δημοσίευση: New York : Praeger Publishers, c1989
Θέματα:
Ετικέτες: Προσθήκη ετικέτας
Δεν υπάρχουν, Καταχωρήστε ετικέτα πρώτοι!

MARC

LEADER 00000nam a2200000 i 4500
001 1/99254
008 000127s1989 eng d
020 |a 0-275-93134-X 
035 |l 10056814 
040 |a GR-MY-UA  |b gre  |e aacr 
041 0 |a eng 
082 0 |a 338.9 
100 1 |a Weigel, Van B.  |d 1954- 
245 1 2 |a A unified theory of global development /  |c Van B. Weigel 
260 |a New York :   |b Praeger Publishers,   |c c1989 
300 |a 263 p. 
504 |a Includes bibliographical references and index 
650 0 0 |a Basic needs. 
650 0 0 |a Economic development. 
852 |a INST  |b LESVOS  |e 20000127  |h 338.9 WEI  |p 005100021982  |q 005100021982  |t BK  |y 0 
901 |a BIBL1-2000-1 
909 |a Λ  |b 070300 
922 |a 1ΕΛΗ  |b 199911  |c ΚΠΣ/ΤΓ  |d LEADER 
950 |a 118-1999-09-03 
970 |a ΤΖΑΦΕΡΗ  |b ΕΥΑΓΓΕΛΙΑ  |z 2000/02/01